000 03169cam a2200517Ii 4500
001 48167823
003 OCoLC
005 20240604185752.0
008 011017s1997 maua j 000 1 spa d
020 _a0395786819
020 _a9780395786819
035 _a(OCoLC)48167823
040 _aUUC
_beng
_erda
_cUUC
_dOCLCQ
_dOCLCG
_dCNCBE
_dOCLCQ
_dOCLCO
_dOCLCF
_dCOV
041 1 _aspa
_heng
050 4 _aLB1573
_b.F74
082 4 _a372.6
092 0 _a468 J95 1997
100 1 _aFreeman, David
245 0 0 _aJuntos /
_cautores principales, David Freeman, Yvonne S. Freeman ; autores, Margarita Calderon [and others].
246 3 _aInvitaciones.
_pJuntos.
260 _aBoston :
_bHoughton Mifflin,
_c[1997]
264 1 _aBoston :
_bHoughton Mifflin,
_c[1997]
264 4 _c℗♭1997.
300 _a204 pages :
_bcolor illustrations ;
_c31 cm.
336 _atext
_btxt
_2rdacontent.
337 _aunmediated
_bn
_2rdamedia.
338 _avolume
_bnc
_2rdacarrier.
490 1 _aInvitaciones.
500 _aSpanish language version of: Invitations to literacy. Level 2. Friends / J. David Cooper [and others].
505 0 _aPara empezar: Mis amigos / Taro Gomi -- Temas: Todos juntos -- Insectos y otros amiguitos -- Todos juntos: Antologia: La gallinita roja / Byron Barton -- Quiero, quiero un amiguito / Graciela M. Pena -- Comelones / Lara Rios -- La panaderita -- Comparte cuentos con Len Cabral -- El parque / Alma Flor Ada -- El nabo / Cecilia Beuchat, Mabel Condemarin -- Cultivemos un huerto de la victoria / Marjorie Waters -- Que banda -- Taller de escritores: como hacer un papalote -- Tu puedes hacer la diferencia -- Main aux Fleurs (Mano con flores) / Picasso -- Flores / Juan Bautista Grosso -- Insectos y otros amiguitos: El piojo y la pulga / Jose-Luis Orozco -- ABC de mariposa / Kjell B. Sandved -- Su propio color / Leo Lionni -- Camaleon / Yanitzia Canetti -- Datos divertidos.
521 _aGrades K-6.
650 0 _aChildren's stories, Spanish.
_0https://id.loc.gov/authorities/subjects/sh85023831.
650 0 _aChildren's poetry, Spanish.
_0https://id.loc.gov/authorities/subjects/sh85023760.
650 0 _aChildren's stories, Spanish
_0https://id.loc.gov/authorities/subjects/sh85023831
_xTranslations from English.
650 0 _aChildren's stories, English
_0https://id.loc.gov/authorities/subjects/sh85023798
_vTranslations into Spanish.
_0https://id.loc.gov/authorities/subjects/sh99001577.
650 0 _aLanguage arts (Elementary)
_0https://id.loc.gov/authorities/subjects/sh85074550.
650 0 _aReading (Elementary)
_0https://id.loc.gov/authorities/subjects/sh85111676.
650 0 _aSpanish language
_vReaders.
655 7 _aReaders (Publications)
_2lcgft
_0https://id.loc.gov/authorities/genreForms/gf2014026160.
700 1 _aFreeman, Yvonne S.
_0https://id.loc.gov/authorities/names/n92001012.
700 1 _aCalderon, Margarita.
_0https://id.loc.gov/authorities/names/n86135798.
700 1 _aCooper, J. David
_q(James David),
_d1942-
_0https://id.loc.gov/authorities/names/n79071446.
710 2 _aHoughton Mifflin Company.
_0https://id.loc.gov/authorities/names/n79073908.
830 0 _aInvitaciones.
942 _cBK
999 _c29861
_d29859